[Event "32. Torneo Internacional La Roda "]
[Site "La Roda ESP"]
[Date "2005.03.25"]
[Round "4"]
[White "Matnadze, Ana"]
[Black "Garcia Galeote, Lorenzo"]
[Result "1-0"]
[WhiteElo "2376"]
[BlackElo "2118"]
[PlyCount "63"]
[EventDate "2005.03.23"]
[EventType "swiss"]
[EventRounds "9"]
[EventCountry "ESP"]
[Source "lmi"]
[SourceDate "2005.03.27"]

1. d4 Nc6 2. d5 Nb8 3. Nf3 Nf6 4. g3 g6 5. Bg2 Bg7 6. O-O O-O 7. c4 d6 8. Nc3
e5 9. dxe6 Bxe6 10. Nd4 c6 11. Nxe6 fxe6 12. e4 Qe7 13. Bf4 Ne8 14. Qb3 Na6 15.
Qa3 Rf7 16. Rad1 Rd8 17. e5 Rxf4 18. gxf4 Qh4 19. exd6 Qxf4 20. Ne2 Qxc4 21. d7
Bf8 22. dxe8=Q Rxe8 23. Qf3 Re7 24. Nc3 Nc7 25. Qe4 Qc5 26. Rd8 Rf7 27. Qe3 Qe7
28. Rd3 Qh4 29. Qg3 Qb4 30. b3 Nd5 31. Nxd5 exd5 32. Rxd5 1-0

[Event "32. Torneo Internacional La Roda "]
[Site "La Roda ESP"]
[Date "2005.03.25"]
[Round "4"]
[White "Minzer, Claudio Javier"]
[Black "Garcia Romero, Benjamin Abel"]
[Result "1-0"]
[WhiteElo "2423"]
[BlackElo "2129"]
[PlyCount "51"]
[EventDate "2005.03.23"]
[EventType "swiss"]
[EventRounds "9"]
[EventCountry "ESP"]
[Source "lmi"]
[SourceDate "2005.03.27"]

1. Nf3 Nf6 2. c4 c5 3. Nc3 Nc6 4. g3 e6 5. Bg2 d5 6. cxd5 exd5 7. d4 Be7 8. O-O
O-O 9. Bg5 cxd4 10. Nxd4 h6 11. Be3 Re8 12. Qb3 Na5 13. Qc2 Bf8 14. Rad1 Nc4
15. Nxd5 Nxd5 16. Qxc4 Nxe3 17. fxe3 Qe7 18. Rxf7 Qxe3+ 19. Kh1 Kh8 20. Qd3 Qe5
21. Qg6 Kg8 22. a3 a5 23. Nf5 Bxf5 24. Rxf5 Qxb2 25. Bd5+ Kh8 26. Rh5 1-0

[Event "32. Torneo Internacional La Roda "]
[Site "La Roda ESP"]
[Date "2005.03.25"]
[Round "4"]
[White "Movsziszian, Karen"]
[Black "Korneev, Oleg"]
[Result "1/2-1/2"]
[WhiteElo "2455"]
[BlackElo "2602"]
[PlyCount "82"]
[EventDate "2005.03.23"]
[EventType "swiss"]
[EventRounds "9"]
[EventCountry "ESP"]
[Source "lmi"]
[SourceDate "2005.03.27"]

1. e4 e5 2. Nf3 Nc6 3. Bb5 a6 4. Ba4 Nf6 5. d3 d6 6. c3 g6 7. O-O Bg7 8. Re1
O-O 9. Bg5 h6 10. Bh4 g5 11. Bg3 Nh5 12. Nxe5 Nxe5 13. Bxe5 dxe5 14. Qxh5 Qxd3
15. Na3 Qd2 16. Nc4 Qf4 17. Bd1 Qh4 18. Qxh4 gxh4 19. Bb3 a5 20. Ne3 a4 21. Bc4
c6 22. a3 Bf6 23. Rad1 Kg7 24. Be2 Bg5 25. Nc4 Be6 26. Nb6 Rad8 27. Rxd8 Rxd8
28. Rd1 Rxd1+ 29. Bxd1 Bc1 30. Nxa4 b5 31. Nc5 Bxb2 32. Nxe6+ fxe6 33. a4 Bxc3
34. axb5 cxb5 35. h3 Kf6 36. Kf1 Ke7 37. Ke2 Kd6 38. Bb3 Bd4 39. f3 Kc5 40.
Bxe6 Kb4 41. Kd3 Bf2 1/2-1/2

[Event "32. Torneo Internacional La Roda "]
[Site "La Roda ESP"]
[Date "2005.03.25"]
[Round "4"]
[White "Spassov, Liuben"]
[Black "Spasov, Vasil"]
[Result "0-1"]
[WhiteElo "2382"]
[BlackElo "2543"]
[PlyCount "92"]
[EventDate "2005.03.23"]
[EventType "swiss"]
[EventRounds "9"]
[EventCountry "ESP"]
[Source "lmi"]
[SourceDate "2005.03.27"]

1. d4 Nf6 2. c4 g6 3. Nc3 Bg7 4. e4 d6 5. Be2 O-O 6. Bg5 Na6 7. Qc2 h6 8. Bd2
e5 9. dxe5 dxe5 10. Nd5 Nc5 11. Bb4 Nfd7 12. Bg4 f5 13. exf5 e4 14. Be2 Nd3+
15. Bxd3 exd3 16. Qxd3 Ne5 17. Qe2 Bxf5 18. Rd1 Kh7 19. Bxf8 Qxf8 20. Ne3 Re8
21. h3 Be4 22. Kf1 Qf4 23. h4 c6 24. Nh3 Qxh4 25. Kg1 Kg8 26. Rd4 Ng4 27. Rd7
Ne5 28. Rd4 Ng4 29. g3 Qf6 30. Rd2 Ne5 31. Rd1 Nf3+ 32. Kf1 Nd4 33. Ng4 Nxe2
34. Nxf6+ Bxf6 35. Rh2 Nd4 36. Nf4 h5 37. b3 Kf7 38. f3 Bxf3 39. Re1 Rxe1+ 40.
Kxe1 Bg4 41. Rf2 Nf5 42. Rg2 Bc3+ 43. Kf2 Bd4+ 44. Ke1 Kf6 45. Nd3 Bf3 46. Rh2
g5 0-1

[Event "32. Torneo Internacional La Roda "]
[Site "La Roda ESP"]
[Date "2005.03.25"]
[Round "4"]
[White "Svetushkin, Dmitry"]
[Black "Cano Sanchez, Josue"]
[Result "1-0"]
[WhiteElo "2530"]
[BlackElo "2242"]
[PlyCount "96"]
[EventDate "2005.03.23"]
[EventType "swiss"]
[EventRounds "9"]
[EventCountry "ESP"]
[Source "lmi"]
[SourceDate "2005.03.27"]

1. d4 d5 2. c4 c6 3. Nf3 Nf6 4. e3 Bf5 5. Nc3 e6 6. Nh4 Be4 7. f3 Bg6 8. Qb3
Qb6 9. Nxg6 hxg6 10. Kf2 Nbd7 11. g3 Be7 12. Kg2 O-O 13. g4 dxc4 14. Bxc4 e5
15. Rd1 Qc7 16. Qc2 exd4 17. exd4 Nb6 18. Bb3 Kh8 19. a4 a5 20. Rd3 Bd6 21. Qf2
Nfd5 22. f4 Kg8 23. Rf3 f5 24. g5 Qd7 25. Bd2 Bc7 26. h4 Kf7 27. Rh1 Rh8 28.
Ne2 Nc8 29. Ng3 Nce7 30. Ne2 Raf8 31. Nc1 Ke8 32. Nd3 b6 33. Rd1 Kd8 34. Re1
Rh7 35. Bc4 Rfh8 36. Rh3 Bd6 37. Re2 Re8 38. Ne5 Bxe5 39. dxe5 Kc7 40. Rb3 Ra8
41. Bc1 c5 42. Bb5 Qc8 43. Rd3 Qb7 44. Kg1 Rah8 45. Qf3 Rd8 46. Red2 Rhh8 47.
Bc4 Rd7 48. Bxd5 Rxd5 1-0

[Event "32. Torneo Internacional La Roda "]
[Site "La Roda ESP"]
[Date "2005.03.25"]
[Round "4"]
[White "Ubilava, Elizbar"]
[Black "Kovacevic, Slobodan"]
[Result "1/2-1/2"]
[WhiteElo "2513"]
[BlackElo "2358"]
[PlyCount "44"]
[EventDate "2005.03.23"]
[EventType "swiss"]
[EventRounds "9"]
[EventCountry "ESP"]
[Source "lmi"]
[SourceDate "2005.03.27"]

1. c4 c5 2. g3 Nf6 3. Bg2 e6 4. Nf3 Qc7 5. Nc3 a6 6. O-O d6 7. d4 cxd4 8. Nxd4
Nbd7 9. b3 Be7 10. Bb2 O-O 11. Rc1 Rd8 12. e3 Nf8 13. Qe2 Bd7 14. f4 h6 15. g4
N6h7 16. Qf2 Bc6 17. Bf3 Bf6 18. h3 Rab8 19. g5 hxg5 20. Bh5 Qa5 21. h4 b5 22.
cxb5 axb5 1/2-1/2

[Event "32. Torneo Internacional La Roda "]
[Site "La Roda ESP"]
[Date "2005.03.25"]
[Round "5"]
[White "Baron Rodriguez, Jesus"]
[Black "Moran Rodriguez, Luciano Rafael"]
[Result "1-0"]
[WhiteElo "2422"]
[BlackElo "2159"]
[PlyCount "79"]
[EventDate "2005.03.23"]
[EventType "swiss"]
[EventRounds "9"]
[EventCountry "ESP"]
[Source "lmi"]
[SourceDate "2005.03.27"]

1. e4 c6 2. d4 d5 3. exd5 cxd5 4. c4 Nf6 5. Nc3 g6 6. cxd5 Bg7 7. Qb3 O-O 8. g3
e6 9. dxe6 Re8 10. Bc4 Bxe6 11. Bxe6 Rxe6+ 12. Nge2 Nc6 13. O-O Nxd4 14. Nxd4
Qxd4 15. Qxb7 Rae8 16. Be3 Qg4 17. Qg2 a6 18. Rad1 Qb4 19. Bc1 h5 20. h3 Qc4
21. Qf3 Qc8 22. Kh2 Nd7 23. Bf4 Ne5 24. Qg2 h4 25. gxh4 Qc4 26. Bg3 Nd3 27. Nd5
Ne1 28. Qh1 Be5 29. Rfxe1 Bxg3+ 30. Kxg3 Rxe1 31. Nf6+ Kg7 32. Rxe1 Qc7+ 33. f4
Rxe1 34. Qxe1 Kxf6 35. Qc3+ Qxc3+ 36. bxc3 Ke6 37. Kg4 Kd5 38. f5 Kc4 39. fxg6
fxg6 40. Kg5 1-0

[Event "32. Torneo Internacional La Roda "]
[Site "La Roda ESP"]
[Date "2005.03.25"]
[Round "5"]
[White "Camarena Gimenez, Rufino"]
[Black "Aymerich Rosell, Pablo"]
[Result "1-0"]
[WhiteElo "2376"]
[BlackElo "2145"]
[PlyCount "80"]
[EventDate "2005.03.23"]
[EventType "swiss"]
[EventRounds "9"]
[EventCountry "ESP"]
[Source "lmi"]
[SourceDate "2005.03.27"]

1. e4 e5 2. Bc4 Nf6 3. d3 Bc5 4. Nf3 d6 5. Nbd2 O-O 6. h3 c6 7. Qe2 b5 8. Bb3
a5 9. a4 b4 10. Nc4 Nbd7 11. Bg5 Re8 12. Ne3 Nf8 13. Ng4 Bxg4 14. hxg4 h6 15.
Bh4 Ng6 16. Bxf6 Qxf6 17. g3 d5 18. O-O-O Rad8 19. Rh5 dxe4 20. Qxe4 Re7 21.
Rf5 Qd6 22. Nd2 Kf8 23. Qc4 Qd5 24. Qa6 Ra7 25. Bxd5 Rxa6 26. Bxf7 Ne7 27. Rf3
Ra7 28. Re1 Bd4 29. Nc4 Ng8 30. Bh5+ Nf6 31. Nxe5 Bxe5 32. Rxe5 Kg8 33. Rff5
Kh7 34. Re6 Rc8 35. g5 hxg5 36. Rxg5 c5 37. b3 Rd7 38. f4 Nd5 39. Bg6+ Kg8 40.
Rge5 Kf8 1-0

[Event "32. Torneo Internacional La Roda "]
[Site "La Roda ESP"]
[Date "2005.03.25"]
[Round "5"]
[White "Garcia Saez, Juan Carlos"]
[Black "Javakhishvili, Lela"]
[Result "0-1"]
[WhiteElo "2156"]
[BlackElo "2456"]
[PlyCount "83"]
[EventDate "2005.03.23"]
[EventType "swiss"]
[EventRounds "9"]
[EventCountry "ESP"]
[Source "lmi"]
[SourceDate "2005.03.27"]

1. e4 c5 2. Nf3 Nc6 3. d4 cxd4 4. Nxd4 Qc7 5. c3 Nf6 6. Bd3 e6 7. Nd2 a6 8. Qe2
d6 9. O-O Be7 10. b3 Nxd4 11. cxd4 Qc3 12. Ba3 Qxd4 13. Nf3 Qb6 14. e5 Nd5 15.
exd6 Bxd6 16. Bxd6 Qxd6 17. Bc2 Bd7 18. Rfe1 Rc8 19. Rad1 Qc5 20. Qe5 Nf6 21.
Qxc5 Rxc5 22. Bb1 Ke7 23. Ne5 Rhc8 24. g4 h6 25. Nxd7 Nxd7 26. Be4 R8c7 27. Rd2
h5 28. h3 g6 29. Kh2 hxg4 30. hxg4 Ne5 31. Rg1 f5 32. gxf5 gxf5 33. Bf3 Kf6 34.
Rg3 Ng6 35. Kg2 Rc3 36. Rd8 f4 37. Rxg6+ Kxg6 38. Rb8 Kf5 39. Bxb7 f3+ 40. Kg3
Rg7+ 41. Kh3 Rc1 42. Kh2 0-1

[Event "32. Torneo Internacional La Roda "]
[Site "La Roda ESP"]
[Date "2005.03.25"]
[Round "5"]
[White "Kolev, Atanas"]
[Black "Movsziszian, Karen"]
[Result "1/2-1/2"]
[WhiteElo "2524"]
[BlackElo "2455"]
[PlyCount "57"]
[EventDate "2005.03.23"]
[EventType "swiss"]
[EventRounds "9"]
[EventCountry "ESP"]
[Source "lmi"]
[SourceDate "2005.03.27"]

1. e4 d6 2. d4 Nf6 3. Nc3 g6 4. f4 Bg7 5. Nf3 c5 6. Bb5+ Bd7 7. e5 Ng4 8. Bxd7+
Qxd7 9. h3 cxd4 10. Qxd4 Nh6 11. g4 Nc6 12. Qe4 O-O-O 13. Be3 f5 14. exf6 exf6
15. Qd3 Nb4 16. Qc4+ Qc6 17. Qxc6+ bxc6 18. O-O-O Kb7 19. Rhe1 Rhe8 20. Bd4 Ng8
21. a3 Na6 22. Ne4 Nc7 23. g5 Rf8 24. gxf6 Bxf6 25. Bxf6 Nxf6 26. Nxd6+ Kb8 27.
c4 Nd7 28. c5 Ne8 29. Ne5 1/2-1/2

[Event "32. Torneo Internacional La Roda "]
[Site "La Roda ESP"]
[Date "2005.03.25"]
[Round "5"]
[White "Kononenko, Tatiana"]
[Black "Andres Julia, Vicente Ramon"]
[Result "1-0"]
[WhiteElo "2374"]
[BlackElo "2073"]
[PlyCount "81"]
[EventDate "2005.03.23"]
[EventType "swiss"]
[EventRounds "9"]
[EventCountry "ESP"]
[Source "lmi"]
[SourceDate "2005.03.27"]

1. d4 Nf6 2. c4 c5 3. d5 b5 4. cxb5 a6 5. bxa6 g6 6. Nc3 Bxa6 7. g3 d6 8. Bg2
Bg7 9. Nf3 Nbd7 10. Rb1 O-O 11. O-O Nb6 12. b3 Qc7 13. Re1 Qb7 14. e4 Ng4 15.
Bb2 Nd7 16. Bf1 Bxf1 17. Rxf1 Qa6 18. a4 Nge5 19. Nxe5 Nxe5 20. Nb5 Rfc8 21. f4
Nd7 22. Bxg7 Kxg7 23. Rc1 Kg8 24. Qe2 Nb6 25. e5 Rd8 26. Qf3 Qb7 27. exd6 exd6
28. f5 Qxd5 29. Qxd5 Nxd5 30. fxg6 hxg6 31. Rfd1 Ne3 32. Rxd6 c4 33. Rxd8+ Rxd8
34. bxc4 Rc8 35. c5 Nd5 36. c6 Nc7 37. Nxc7 Rxc7 38. a5 Kf8 39. a6 Ke8 40. a7
Rc8 41. Rb1 1-0

[Event "32. Torneo Internacional La Roda "]
[Site "La Roda ESP"]
[Date "2005.03.25"]
[Round "5"]
[White "Saldano, Horacio"]
[Black "Granero Roca, Antonio"]
[Result "1-0"]
[WhiteElo "2482"]
[BlackElo "2348"]
[PlyCount "113"]
[EventDate "2005.03.23"]
[EventType "swiss"]
[EventRounds "9"]
[EventCountry "ESP"]
[Source "lmi"]
[SourceDate "2005.03.27"]

1. e4 c5 2. Nf3 e6 3. Nc3 a6 4. d4 cxd4 5. Nxd4 b5 6. Bd3 Qb6 7. Nf3 Qc7 8. O-O
Bb7 9. Re1 d6 10. a4 bxa4 11. Rxa4 Nd7 12. Be3 Ngf6 13. Qa1 Qc8 14. Qa2 Ng4 15.
Rc4 Qb8 16. Bf4 Be7 17. Qa4 Bc8 18. h3 Nge5 19. Bxe5 dxe5 20. Rxc8+ Qxc8 21.
Nxe5 Ra7 22. Nc6 Ra8 23. e5 Nc5 24. Nxe7+ Kxe7 25. Qa3 Qc7 26. Re4 Rac8 27. Rc4
Rhd8 28. Ne4 Rd5 29. b4 Qxe5 30. bxc5 f5 31. c6+ Ke8 32. f4 Qb8 33. Ng5 e5 34.
fxe5 Rxe5 35. Nf3 Re7 36. Bxf5 Qb1+ 37. Kf2 Qb6+ 38. Qc5 Rxc6 39. Qxb6 Rxb6 40.
Rc8+ Kf7 41. Ra8 g6 42. Bd3 Rc7 43. g4 Ke6 44. Ke3 Kd5 45. Kd2 Rf6 46. Ng5 h6
47. Ne4 Rf3 48. Rxa6 Rxh3 49. Rxg6 Rh2+ 50. Ke3 Ke5 51. Nd2 Rh3+ 52. Nf3+ Kd5
53. Kf2 Rf7 54. Bf5 Rxf5 55. gxf5 Ke4 56. Kg2 Rh5 57. f6 1-0

[Event "32. Torneo Internacional La Roda "]
[Site "La Roda ESP"]
[Date "2005.03.25"]
[Round "5"]
[White "San Emeterio Cabanes, Jose Luis"]
[Black "Delchev, Aleksander"]
[Result "0-1"]
[WhiteElo "2401"]
[BlackElo "2597"]
[PlyCount "74"]
[EventDate "2005.03.23"]
[EventType "swiss"]
[EventRounds "9"]
[EventCountry "ESP"]
[Source "lmi"]
[SourceDate "2005.03.27"]

1. b3 e5 2. Bb2 Nc6 3. e3 Nf6 4. c4 g6 5. Nf3 d6 6. d4 Bg7 7. dxe5 Nd7 8. Nd4
Nxd4 9. exd4 dxe5 10. d5 O-O 11. Be2 a5 12. Nc3 e4 13. Qc2 Re8 14. O-O Nc5 15.
Rad1 Bf5 16. Qd2 c6 17. Ba3 b6 18. Qc1 Rc8 19. dxc6 Nd3 20. Qc2 Qg5 21. Nd5
Rxc6 22. Ne3 Nxf2 23. Nxf5 Nxd1 24. h4 Qxf5 25. Rxf5 Ne3 26. Qd2 Nxf5 27. c5
Bd4+ 28. Kh2 Bxc5 29. Qd7 Rce6 30. Bb2 Kf8 31. Bc4 R6e7 32. Qd5 e3 33. Be2 Re4
34. g4 Nd4 35. Bc4 Rf4 36. Bxd4 Bxd4 37. Qd6+ Kg7 0-1

[Event "32. Torneo Internacional La Roda "]
[Site "La Roda ESP"]
[Date "2005.03.25"]
[Round "5"]
[White "Suba, Mihai"]
[Black "Janev, Evgeni"]
[Result "1/2-1/2"]
[WhiteElo "2529"]
[BlackElo "2441"]
[PlyCount "36"]
[EventDate "2005.03.23"]
[EventType "swiss"]
[EventRounds "9"]
[EventCountry "ESP"]
[Source "lmi"]
[SourceDate "2005.03.27"]

1. Nf3 Nf6 2. c4 d6 3. g3 g6 4. Nc3 Bg7 5. Bg2 c6 6. O-O O-O 7. d4 Qa5 8. h3
Be6 9. Nd2 Qa6 10. d5 Bc8 11. Rb1 e6 12. dxc6 bxc6 13. b4 d5 14. b5 Qa5 15. Bb2
Rd8 16. Qa4 Qxa4 17. Nxa4 cxb5 18. cxb5 Nbd7 1/2-1/2

[Event "32. Torneo Internacional La Roda "]
[Site "La Roda ESP"]
[Date "2005.03.25"]
[Round "5"]
[White "Tierraseca Montero, Pablo"]
[Black "Matnadze, Ana"]
[Result "0-1"]
[WhiteElo "2053"]
[BlackElo "2376"]
[PlyCount "74"]
[EventDate "2005.03.23"]
[EventType "swiss"]
[EventRounds "9"]
[EventCountry "ESP"]
[Source "lmi"]
[SourceDate "2005.03.27"]

1. e4 c5 2. Nf3 d6 3. d4 cxd4 4. Nxd4 Nf6 5. Nc3 Nc6 6. Be2 Nxd4 7. Qxd4 g6 8.
O-O Bg7 9. Bg5 O-O 10. Qe3 Be6 11. f4 Qc8 12. h3 Bc4 13. Bd3 Re8 14. Rac1 Nd7
15. a3 Qc6 16. Rfd1 b5 17. Nd5 Bxd5 18. exd5 Qb7 19. c3 Nc5 20. Bb1 a5 21. f5
b4 22. axb4 axb4 23. Bh6 Nd7 24. Bxg7 Kxg7 25. Rd4 bxc3 26. bxc3 Ne5 27. Kh2
Qb6 28. Qd2 f6 29. fxg6 hxg6 30. Re1 Rh8 31. Rb4 Qc5 32. Rb7 Ra7 33. Rxa7 Qxa7
34. Qd4 Qd7 35. Bc2 Nf3+ 36. gxf3 Qxh3+ 37. Kg1 Qg3+ 0-1

[Event "32. Torneo Internacional La Roda "]
[Site "La Roda ESP"]
[Date "2005.03.25"]
[Round "5"]
[White "Tudela Corbalan, Carlos"]
[Black "Minzer, Claudio Javier"]
[Result "0-1"]
[WhiteElo "2223"]
[BlackElo "2423"]
[PlyCount "228"]
[EventDate "2005.03.23"]
[EventType "swiss"]
[EventRounds "9"]
[EventCountry "ESP"]
[Source "lmi"]
[SourceDate "2005.03.27"]

1. e4 c5 2. a3 g6 3. b4 Bg7 4. Nc3 d6 5. Bb2 Nc6 6. Bc4 e6 7. bxc5 dxc5 8. Nge2
Nge7 9. O-O O-O 10. Kh1 a6 11. a4 Rb8 12. Ba3 Na5 13. Ba2 Qc7 14. Rb1 Rd8 15.
f4 Qc6 16. Qe1 b5 17. Qg3 f5 18. Qh4 Re8 19. axb5 axb5 20. d4 fxe4 21. Bxc5 Nf5
22. Qh3 Kh8 23. Ng3 e5 24. Ngxe4 exd4 25. Ng5 Nh6 26. Qxh6 Bxh6 27. Bxd4+ Bg7
28. Nf7+ Kg8 29. Ne5+ Kh8 30. Nxc6 Nxc6 31. Bxg7+ Kxg7 32. Rxb5 Rxb5 33. Nxb5
Re2 34. Nd6 Ba6 35. f5 Rd2 36. f6+ Kf8 37. Bc4 Rxd6 38. Bxa6 Nb4 39. Bb5 Nxc2
40. h3 Ne3 41. Rf3 Nf5 42. Bc4 Rd4 43. Bb3 Rb4 44. Rc3 Nd6 45. g3 Rb8 46. Bd5
Rb5 47. Rd3 Ne8 48. f7 Nd6 49. Be6 Nxf7 50. Rd7 Ng5 51. Bg4 Rb1+ 52. Kg2 Rb2+
53. Kh1 h5 54. Bd1 Nxh3 55. Ba4 Nf2+ 56. Kg2 Ng4+ 57. Kg1 Ne3 58. Bc6 Rb1+ 59.
Kf2 Ng4+ 60. Kg2 Rb2+ 61. Kg1 Ne5 62. Rc7 Rb1+ 63. Kg2 Rb2+ 64. Kg1 Rc2 65.
Rc8+ Ke7 66. Bb7 Rb2 67. Be4 Re2 68. Bd5 Kf6 69. Rf8+ Kg5 70. Rf4 Re1+ 71. Kg2
Rd1 72. Bb7 Rb1 73. Ba8 Rb2+ 74. Kg1 Ng4 75. Ra4 Ne3 76. Bf3 Nf5 77. Ra5 Rd2
78. Rc5 Rb2 79. Ra5 Rd2 80. Rc5 Rd4 81. Kf2 Rb4 82. Ra5 Kh6 83. Ra6 Rb2+ 84.
Kg1 Nxg3 85. Bd5 Ne2+ 86. Kf1 Nf4 87. Be4 h4 88. Kg1 Kg5 89. Kh1 Re2 90. Bf3
Re3 91. Ra5+ Kh6 92. Bb7 g5 93. Bc8 Rc3 94. Bg4 Rg3 95. Ra6+ Kg7 96. Bf5 Nd5
97. Rg6+ Kf7 98. Ra6 Ne3 99. Bg6+ Ke7 100. Be4 g4 101. Bb7 Rh3+ 102. Kg1 g3
103. Ra3 Nd1 104. Bg2 Rh2 105. Rd3 Nf2 106. Rf3 Ng4 107. Rf4 Ne5 108. Rf5 Ke6
109. Rg5 Kf6 110. Rg8 Ng6 111. Ra8 h3 112. Ra6+ Kg5 113. Be4 Nf4 114. Bf3 Rf2
0-1

[Event "32. Torneo Internacional La Roda "]
[Site "La Roda ESP"]
[Date "2005.03.25"]
[Round "5"]
[White "Vaya Gomez, Alejandro"]
[Black "Llobel Cortell, Enrique"]
[Result "1/2-1/2"]
[WhiteElo "2140"]
[BlackElo "2416"]
[PlyCount "151"]
[EventDate "2005.03.23"]
[EventType "swiss"]
[EventRounds "9"]
[EventCountry "ESP"]
[Source "lmi"]
[SourceDate "2005.03.27"]

1. c4 e5 2. Nc3 Bb4 3. Nd5 Ba5 4. Nf3 e4 5. Nd4 c6 6. Nc3 Nf6 7. Nb3 Bc7 8. g3
d6 9. Bg2 Bf5 10. O-O O-O 11. d3 exd3 12. exd3 Re8 13. Bf4 Na6 14. d4 Nb4 15.
Bf3 Bh3 16. Bg2 Bf5 17. Bf3 Nd3 18. Be3 Ba5 19. Nxa5 Qxa5 20. Qd2 Qa6 21. Be2
Nb4 22. Rfc1 Qb6 23. Na4 Qa6 24. a3 Qxa4 25. axb4 Qb3 26. Ra3 Ne4 27. Rxb3 Nxd2
28. Bxd2 Rxe2 29. Be3 a6 30. Kf1 Rc2 31. Rxc2 Bxc2 32. Rc3 Bf5 33. Bf4 Rd8 34.
Ke2 h6 35. h4 f6 36. Ra3 Be6 37. Kd3 Kf7 38. Ra5 d5 39. c5 Re8 40. Ra1 Bg4 41.
Be3 Bf3 42. Re1 g5 43. Bd2 Rf8 44. hxg5 fxg5 45. Re5 Be4+ 46. Ke2 Kg6 47. Re7
h5 48. Re6+ Rf6 49. Rxf6+ Kxf6 50. f4 gxf4 51. Bxf4 Kf5 52. Be5 Kg4 53. Bd6
Bf3+ 54. Ke3 Bd1 55. Be5 Kh3 56. Kf2 Bc2 57. Kf3 Bd1+ 58. Kf2 Kg4 59. Ke3 Bc2
60. Bd6 Kf5 61. Be5 Bd1 62. Bd6 Ke6 63. Kf4 b6 64. Bc7 bxc5 65. bxc5 Kd7 66.
Bb6 Kc8 67. Ke5 Kd7 68. Kf6 Be2 69. Ba5 Bd3 70. Bb6 Ke8 71. Ba5 Kf8 72. Bc7 Kg8
73. Bd6 Kh7 74. Bf4 Be2 75. Bd6 Bd3 76. Bf4 1/2-1/2

[Event "32. Torneo Internacional La Roda "]
[Site "La Roda ESP"]
[Date "2005.03.25"]
[Round "5"]
[White "Vitor, Antonio"]
[Black "Campo Echevarria, Juan Francisco"]
[Result "1-0"]
[WhiteElo "2343"]
[BlackElo "2139"]
[PlyCount "45"]
[EventDate "2005.03.23"]
[EventType "swiss"]
[EventRounds "9"]
[EventCountry "ESP"]
[Source "lmi"]
[SourceDate "2005.03.27"]

1. b3 Nf6 2. Bb2 e6 3. e3 d5 4. Nf3 Be7 5. Rg1 c5 6. g4 Rg8 7. g5 Ne4 8. h4 Nc6
9. Bb5 Bd7 10. Bxc6 Bxc6 11. Ne5 g6 12. d3 Nd6 13. Nd2 f6 14. Nxc6 bxc6 15. Qg4
Kd7 16. O-O-O Nf7 17. Nf3 f5 18. Qa4 Qc7 19. c4 Rgb8 20. Bc3 a5 21. d4 Ra7 22.
dxc5 Bxc5 23. cxd5 1-0

[Event "32. Torneo Internacional La Roda "]
[Site "La Roda ESP"]
[Date "2005.03.26"]
[Round "6"]
[White "Belezky, Sasha"]
[Black "Vaya Gomez, Alejandro"]
[Result "0-1"]
[WhiteElo "2399"]
[BlackElo "2140"]
[PlyCount "62"]
[EventDate "2005.03.23"]
[EventType "swiss"]
[EventRounds "9"]
[EventCountry "ESP"]
[Source "lmi"]
[SourceDate "2005.03.27"]

1. g4 c5 2. Bg2 Nc6 3. d3 g6 4. c4 Bg7 5. Nc3 d6 6. h3 e5 7. Bd5 Nge7 8. Nf3
Nb4 9. Bg5 f6 10. Bd2 Nbxd5 11. cxd5 a6 12. a4 b6 13. e4 Bd7 14. Be3 h5 15. g5
f5 16. exf5 Nxf5 17. Ne4 O-O 18. Ke2 b5 19. axb5 axb5 20. Qd2 Qe7 21. b4 Nd4+
22. Bxd4 exd4 23. Rxa8 Rxa8 24. Qf4 c4 25. Kf1 Bf5 26. Nxd6 Bxd3+ 27. Kg2 Rf8
28. Qg3 Be2 29. Nh4 Kh7 30. Nxb5 Be5 31. d6 Qb7+ 0-1

[Event "32. Torneo Internacional La Roda "]
[Site "La Roda ESP"]
[Date "2005.03.26"]
[Round "6"]
[White "Cruz Ravina, Francisco Javier"]
[Black "Ramirez Diaz, Jose Ramon"]
[Result "1/2-1/2"]
[WhiteElo "2325"]
[BlackElo "2062"]
[PlyCount "106"]
[EventDate "2005.03.23"]
[EventType "swiss"]
[EventRounds "9"]
[EventCountry "ESP"]
[Source "lmi"]
[SourceDate "2005.03.27"]

1. Nf3 g6 2. e4 d6 3. g3 Nf6 4. d3 Bg7 5. Bg2 O-O 6. O-O e5 7. Nc3 a6 8. Ne1
Nc6 9. Kh1 b5 10. a3 Bb7 11. f4 Nd4 12. Nf3 Nxf3 13. Bxf3 exf4 14. Bxf4 Re8 15.
Qd2 Qd7 16. Rae1 c5 17. Bg2 d5 18. Bg5 Ng4 19. Nxd5 Bxd5 20. exd5 h6 21. Bf4 g5
22. Be3 Nxe3 23. Rxe3 Rxe3 24. Qxe3 Bd4 25. Qc1 Re8 26. c3 Bg7 27. Re1 Rxe1+
28. Qxe1 Kf8 29. Be4 Be5 30. Qf2 Qd6 31. Kg2 Ke7 32. Qf5 a5 33. Qc8 b4 34. axb4
axb4 35. d4 cxd4 36. c4 Qc7 37. Qxc7+ Bxc7 38. c5 Bb8 39. Kf3 Ba7 40. d6+ Kd7
41. Bf5+ Kc6 42. d7 Kc7 43. c6 Bb6 44. Be4 d3 45. b3 Kd6 46. Bxd3 Kxc6 47. Bf5
h5 48. h3 Kd5 49. Bd3 Kc6 50. Bf5 Kd5 51. g4 h4 52. Bd3 Kc6 53. Bc4 Kxd7
1/2-1/2

[Event "32. Torneo Internacional La Roda "]
[Site "La Roda ESP"]
[Date "2005.03.26"]
[Round "6"]
[White "De La Villa Garcia, Jesus Maria"]
[Black "Camarena Gimenez, Rufino"]
[Result "1-0"]
[WhiteElo "2470"]
[BlackElo "2376"]
[PlyCount "51"]
[EventDate "2005.03.23"]
[EventType "swiss"]
[EventRounds "9"]
[EventCountry "ESP"]
[Source "lmi"]
[SourceDate "2005.03.27"]

1. e4 c6 2. Nc3 d5 3. d4 dxe4 4. Nxe4 Nd7 5. Ng5 e6 6. Bd3 Ngf6 7. N1f3 Bd6 8.
Qe2 h6 9. Ne4 Nxe4 10. Qxe4 Qc7 11. O-O b6 12. Qg4 Kf8 13. b3 e5 14. Qh4 c5 15.
Be4 Bb7 16. dxc5 Nxc5 17. Bxb7 Qxb7 18. Bb2 g5 19. Qh5 f6 20. Rad1 Qe7 21. Rfe1
Ne6 22. Qg6 Rd8 23. g3 Qf7 24. Qf5 Be7 25. Rxd8+ Bxd8 26. Nxe5 1-0

[Event "32. Torneo Internacional La Roda "]
[Site "La Roda ESP"]
[Date "2005.03.26"]
[Round "6"]
[White "Delchev, Aleksander"]
[Black "Spasov, Vasil"]
[Result "1/2-1/2"]
[WhiteElo "2597"]
[BlackElo "2543"]
[PlyCount "73"]
[EventDate "2005.03.23"]
[EventType "swiss"]
[EventRounds "9"]
[EventCountry "ESP"]
[Source "lmi"]
[SourceDate "2005.03.27"]

1. e4 c5 2. Nf3 Nc6 3. d4 cxd4 4. Nxd4 Nf6 5. Nc3 e5 6. Ndb5 d6 7. Bg5 a6 8.
Na3 b5 9. Bxf6 gxf6 10. Nd5 f5 11. Bd3 Be6 12. O-O Bxd5 13. exd5 Ne7 14. Re1
Bg7 15. c3 e4 16. Bf1 O-O 17. Qh5 Qc8 18. Rad1 Re8 19. Nc2 Ng6 20. Nb4 a5 21.
Nc6 b4 22. cxb4 axb4 23. Nxb4 Qc5 24. Na6 Qb6 25. Qxf5 Rxa6 26. Bxa6 Qxa6 27.
Rxe4 Rxe4 28. Qxe4 Bxb2 29. a4 Kg7 30. Rb1 Bf6 31. g3 Ne5 32. Kg2 Qa5 33. Rb4
h5 34. Rb3 Qd2 35. Re3 Qa2 36. Re2 Qa1 37. Re1 1/2-1/2

[Event "32. Torneo Internacional La Roda "]
[Site "La Roda ESP"]
[Date "2005.03.26"]
[Round "6"]
[White "Fernandez Fernandez, Juan Carlos"]
[Black "Kovacevic, Slobodan"]
[Result "0-1"]
[WhiteElo "2111"]
[BlackElo "2358"]
[PlyCount "88"]
[EventDate "2005.03.23"]
[EventType "swiss"]
[EventRounds "9"]
[EventCountry "ESP"]
[Source "lmi"]
[SourceDate "2005.03.27"]

1. d4 Nf6 2. c4 e6 3. Nf3 c5 4. d5 exd5 5. cxd5 d6 6. h3 g6 7. Nc3 a6 8. a4 Qe7
9. g3 Bg7 10. Bg2 O-O 11. O-O Nbd7 12. Re1 Rb8 13. Qd3 Re8 14. e4 h6 15. Bd2 g5
16. g4 Nh7 17. Bf1 Nhf8 18. Rab1 b5 19. axb5 axb5 20. Qc2 b4 21. Nd1 Ng6 22. b3
Nde5 23. Nxe5 Nxe5 24. Re3 Ra8 25. Rb2 Qa7 26. Bb5 Rd8 27. Kg2 Qb6 28. Be2 Bd7
29. Ra2 Ng6 30. Bc4 Re8 31. Re1 Nh4+ 32. Kg3 Be5+ 33. f4 gxf4+ 34. Bxf4 Bxf4+
35. Kxf4 Rxa2 36. Qxa2 Qd8 37. Qf2 Ng6+ 38. Kg3 Qh4+ 39. Kh2 Qe7 40. Rf1 Ne5
41. Nb2 Ra8 42. Qf4 Ra2 43. Rf2 Ng6 44. Qf3 Rxb2 0-1